| 000 | 01352nam a2200241Ia 4500 | ||
|---|---|---|---|
| 003 | Ost | ||
| 005 | 20260507075451.0 | ||
| 008 | 260507s9999||||xx |||||||||||||| ||und|| | ||
| 040 | _cfsecg | ||
| 041 | _aara | ||
| 082 | _a658.403 | ||
| 100 |
_aالجواد، دلال صادق _eمؤلف |
||
| 245 | 0 |
_aبحوث العمليات / _c دلال صادق الجواد |
|
| 260 |
_aعمان: _bدار اليازوري, _c2008 |
||
| 300 |
_a358 صفحة؛ _c24 سم |
||
| 504 | _aبيبليوغرافيا ص.357 | ||
| 520 | _aان الاتساع في حجم المنشآت وكذلك تعدد وتنوع فعالياتها، وقد نتج عن هذا الاتساع الى ظهور مشاكل في مجالات الإنتاج والخزين والنقل وغيرها مما يستوجب المعالجة من خلال سلسلة من القرارات الإدارية التي تستند الى أسس علمية بعيدة عن التخمين والحدس.بحوث العمليات / البرمجة الخطية / تحليل الحساسية / مشكلة النقل / مشاكل التخصيص / نماذج التخزين / نظرية المباراة | ||
| 653 | _aالانتاج | ||
| 653 | _aبحوث العمليات | ||
| 653 | _aبرمجة خطية | ||
| 700 |
_aالفتال، حميد ناصر _eمؤلف ثانوي |
||
| 942 | _cكتاب | ||
| 999 |
_c44630 _d44630 |
||